| 000 | 00710nam a2200229Ia 4500 | ||
|---|---|---|---|
| 003 | OSt | ||
| 005 | 20220927105719.0 | ||
| 006 | a|||||r|||| 00| 0 | ||
| 007 | ta | ||
| 008 | 220926b |||||||| |||| 00| 0 eng d | ||
| 024 | _a201255 | ||
| 037 | _cReference Collections | ||
| 040 |
_aRTL _cRTL _beng |
||
| 041 |
_2eng _aeng |
||
| 082 | _a"X:272k2,N48, H8.6/RR" | ||
| 245 | 0 |
_aWealth of India _b Industrial Products Council of Scientific & Industrial Research |
|
| 260 |
_aNew _bDelhi CSIR _c1965 |
||
| 300 |
_a315p. _ccm. |
||
| 500 | _aBibliography: P 272-75; Appendix: P 249-71 | ||
| 942 |
_h"X:272k2,N48, H8.6/RR" _cCC |
||
| 999 |
_c694045 _d694045 |
||